All Kanye West Songs that have God in the Title - Statistics

General Stats
  • This quiz has been taken 30 times
  • The average score is 5 of 8
Answer Stats
Album Answer % Correct
Jesus is King God Is
100%
Yeezus I am a God
92%
Jesus is King Follow God
73%
Jesus is King On God
73%
Donda Praise God
62%
Cruel Summer New God Flow
54%
Donda God Breathed
50%
Donda 2 City of Gods
31%
No matching quizzes found
Score Distribution
Percent of People with Each Score
Percentile by Number Answered
Your Score History
You have not taken this quiz